The little data book on information and communication technology

This pocket-sized reference on key environmental data for over 200 countries includes key indicators on agriculture, forestry, biodiversity, energy, emission and pollution, and water and sanitation. The volume helps establish a sound base of information to help set priorities and measure progress to...

Deskribapen osoa

Gorde:
Xehetasun bibliografikoak
Erakunde egilea: The World Bank
Formatua: Liburua
Hizkuntza:Undetermined
Argitaratua: Washington, D.C. World Bank 2009
Gaiak:
Etiketak: Etiketa erantsi
Etiketarik gabe, Izan zaitez lehena erregistro honi etiketa jartzen!
Thư viện lưu trữ: Trung tâm Học liệu Trường Đại học Cần Thơ
LEADER 00899nam a2200193Ia 4500
001 CTU_157089
008 210402s9999 xx 000 0 und d
082 |a 384 
082 |b W927/2009 
110 |a The World Bank 
245 4 |a The little data book on information and communication technology 
245 4 |c The World Bank 
260 |a Washington, D.C. 
260 |b World Bank 
260 |c 2009 
520 |a This pocket-sized reference on key environmental data for over 200 countries includes key indicators on agriculture, forestry, biodiversity, energy, emission and pollution, and water and sanitation. The volume helps establish a sound base of information to help set priorities and measure progress toward environmental sustainability goals. 
650 |a Information technology,Telecommunication 
904 |i Duyen, lthieu 
980 |a Trung tâm Học liệu Trường Đại học Cần Thơ